NFL Top 100 All-Time: Games - Statistics

General Stats
  • This quiz has been taken 253 times
    38 since last reset
  • The average score is 22 of 101
Answer Stats
# Player Games % Correct
6 Tom Brady 335
100%
T35 Peyton Manning 266
88%
38 Aaron Rodgers 264
82%
24 Bruce Smith 279
76%
T10 Brett Favre 302
68%
T48 Lee Johnson 259
68%
28 Norm Johnson 273
68%
65 Ben Roethlisberger 249
65%
2 Adam Vinatieri 365
62%
18 Drew Brees 287
62%
68 Philip Rivers 247
62%
9 Jerry Rice 303
59%
1 Morten Andersen 382
59%
81 Dan Marino 242
56%
T39 Lomas Brown 263
53%
T91 Matthew Stafford 239
53%
43 Ray Brown 262
53%
T54 Tim Brown 255
53%
T82 Ed White 241
50%
3 Gary Anderson 353
50%
5 George Blanda 340
50%
17 Marcedes Lewis 290
47%
T66 Jason Peters 248
41%
16 Darrell Green 295
38%
32 Matt Prater 269
38%
T82 Frank Gore 241
26%
T39 Larry Fitzgerald 263
26%
8 Phil Dawson 305
26%
T35 Robbie Gould 266
26%
T20 Sebastian Janikowski 284
26%
31 Tony Gonzalez 270
24%
T25 Calais Campbell 278
21%
T69 Fran Tarkenton 246
21%
22 Jim Marshall 282
21%
T44 Mason Crosby 261
21%
T13 Andy Lee 297
18%
T39 Jason Elam 263
18%
7 Jason Hanson 327
18%
T13 Matt Stover 297
18%
50 Nick Folk 258
18%
19 Shane Lechler 286
18%
T74 Terrell Suggs 244
18%
15 Bruce Matthews 296
15%
T79 Cameron Jordan 243
15%
58 Charles Woodson 254
15%
T25 Clay Matthews 278
15%
T39 Jan Stenerud 263
15%
T10 John Carney 302
15%
T91 Lorenzo Neal 239
15%
T46 Nick Lowery 260
15%
T98 Rod Woodson 238
15%
T61 Eugene Robinson 250
12%
T54 Irving Fryar 255
12%
T48 Jackie Slater 259
12%
30 Jason Witten 271
12%
12 John Kasay 301
12%
T51 London Fletcher 256
12%
T33 Lou Groza 268
12%
T91 Matthew Slater 239
12%
T72 Mike Webster 245
12%
T88 Ryan Longwell 240
12%
T91 Andrew Whitworth 239
9%
T54 Earl Morrall 255
9%
T61 Eddie Murray 250
9%
4 Jeff Feagles 352
9%
T35 Julius Peppers 266
9%
T66 Al Del Greco 248
6%
T33 Junior Seau 268
6%
T82 Matt Bryant 241
6%
T20 Sean Landeta 284
6%
29 Thomas Morstead 272
6%
T69 Blair Bush 246
3%
T98 Brad Maynard 238
3%
T91 Charlie Joiner 239
3%
T74 Chris Gardocki 244
3%
T46 Don Muhlbach 260
3%
T54 Dustin Colquitt 255
3%
27 J.J. Jansen 277
3%
T82 Kevin Mawae 241
3%
T61 Pat Leahy 250
3%
T98 Reggie Roby 238
3%
T74 Ricky Proehl 244
3%
T82 Ronde Barber 241
3%
T88 Ron McDole 240
3%
T51 Sam Koch 256
3%
23 Trey Junkin 281
3%
T79 Bill Romanowski 243
0%
T98 Bryan Barker 238
0%
T91 Chris Mohr 239
0%
T82 Craig Hentrich 241
0%
T51 David Binn 256
0%
T69 Jeff Van Note 246
0%
T91 Jerry Fontenot 239
0%
T44 Jon Weeks 261
0%
59 L.P. Ladouceur 253
0%
T74 Matt Turk 244
0%
T88 Mick Tingelhoff 240
0%
60 Mike Kenn 251
0%
T61 Morgan Cox 250
0%
T72 Patrick Mannelly 245
0%
T74 Ray Donaldson 244
0%
No matching quizzes found
Score Distribution
Percent of People with Each Score
Percentile by Number Answered
Your Score History
You have not taken this quiz since the last reset